000
00307nam a22001217a 4500
008
260424b |||||||| |||| 00| 0 eng d
082
_a
001290
100
_a
Tivari, Shashi
245
_a
A History of Vedic Literature
260
_a
Delhi
_b
New Bharatiya Book Corporation
_c
2021
300
_a
302p
942
_2
ddc
999
_c
1318
_d
1318